000 00607cam a2200205 4500500
005 20260405003255.0
041 _afre
042 _adc
100 1 0 _aPortevin, Catherine
_eauthor
245 0 0 _aMachines insurrectionnelles
260 _c2021.
500 _a41
690 _aDominique Lestel
690 _aHumanité
690 _aIntelligence Artificielle
690 _aMachine
690 _aRobot
786 0 _nPhilosophie magazine | 148 | 4 | 2021-04-01 | p. 72-72 | 1951-1787
856 4 1 _uhttps://shs.cairn.info/magazine-philosophie-magazine-2021-4-page-72?lang=fr&redirect-ssocas=7080
999 _c2065994
_d2065994